00295nam a2200109Ia 4500008004100000020001800041100002300059245006200082260002500144300000800169650000800177191201s2010 xx 000 0 und d a9780070435544 aBOWERSOX, Donald J 0aLogistical Management the Integrated Supply Chain Process aNew DelhibTMHc2010 a730 aBBA